Foreign investment and development: an organizational perspective /
שמור ב:
| מחבר ראשי: | |
|---|---|
| מחברים אחרים: | |
| פורמט: | Texto |
| תגים: |
הוספת תג
אין תגיות, היה/י הראשונ/ה לתייג את הרשומה!
|
MARC
| LEADER | 00000 a a2200000 04500 | ||
|---|---|---|---|
| 001 | 44896 | ||
| 003 | |||
| 040 | |||
| 100 | |a Kentor, Jeffrey | ||
| 245 | |a Foreign investment and development: |b an organizational perspective / |c Jeffrey Kentor, Andrew K. Jorgenson | ||
| 700 | |a Jorgenson, Andrew K. | ||
| 773 | |g volumen25, número3 ( , 2010), páginas 419-441, tablas | ||
| 999 | |c 37324 |d 37324 | ||
